Financial Statistics of Cities : 1938, Vol. 1, No. 45, Boston, Massachusetts.

Bibliographic Details
Corporate Author: United States. Bureau of the Census
Format: Government Document eBook
Language:English
Published: [Washington] : [s.n.], 1941.
Subjects:
Online Access:Electronic resource (PDF)

MARC

Tag First Indicator Second Indicator Subfields
LEADER 00000cam a22000001i 4500
001 in00003936021
006 m d f
007 cr bn mmmapmmp
008 410803s1941 dcu o f000 0 eng d
005 20250210233500.1
035 |a ebd19401420128 
040 |a UMI  |c UMI  |e rda  |d UtOrBLW 
086 0 |a C 3.142:1/45 
099 |a C3.142..1_45 
110 1 |a United States.  |b Bureau of the Census.  |0 http://id.loc.gov/authorities/names/n83054431 
245 1 0 |a Financial Statistics of Cities :  |b 1938, Vol. 1, No. 45, Boston, Massachusetts. 
264 1 |a [Washington] :  |b [s.n.],  |c 1941. 
300 |a 1 online resource (7 pages), digital, PDF file 
336 |a text  |b txt  |2 rdacontent 
337 |a computer  |b c  |2 rdamedia 
338 |a online resource  |b cr  |2 rdacarrier 
533 |a Electronic reproduction.  |b [Bethesda, Md.] :  |c ProQuest,  |d 2016  |e digital, PDF file.  |n ProQuest U.S. Executive Branch Documents  |n Mode of access: World Wide Web via ProQuest website. 
588 |a Record is based on online resource; title from PDF title page (ProQuest, last viewed Nov. 2016). Reuse except for individual research requires license from ProQuest, LLC. 
650 0 |a Finance  |v Statistics.  |0 http://id.loc.gov/authorities/subjects/sh85048261 
650 0 |a Municipal finance.  |0 http://id.loc.gov/authorities/subjects/sh85088464 
650 0 |a Cities and towns.  |0 http://id.loc.gov/authorities/subjects/sh85026130 
651 0 |a Massachusetts.  |0 http://id.loc.gov/authorities/names/n79007084 
856 4 0 |u http://proxy.library.tamu.edu/login?url=http://congressional.proquest.com/congressional/docview/t66.d71.c3.142..1_45?  |y Electronic resource (PDF)  |t 0 
999 f f |s be49ecd5-3288-3bb8-8965-ed091ba37be4  |i dd20cba5-6585-34bf-b544-6b7dd881809a  |t 0 
952 f f |a Texas A&M University  |b College Station  |c Electronic Resources  |d Available Online  |t 0  |h No information provided 
998 f f |t 0  |l Available Online